| 000 | 01162cam a22002894a 4500 | ||
|---|---|---|---|
| 001 | 1330 | ||
| 005 | 20251216094925.0 | ||
| 020 | _a0439801087 (pbk.) | ||
| 020 | _a9780439801089 | ||
| 040 |
_aDLC _cDLC _beng _dFISKH |
||
| 050 | _aQC931.C37 | ||
| 082 | _a551.518 | ||
| 100 | 1 | _aCapeci, Anne | |
| 245 | 1 | 4 |
_aThe magic school bus rides the wind / _cAnne Capeci ; illustrated by Carolyn Bracken. |
| 246 | 3 | 0 | _aRides the wind. |
| 260 |
_aNew York : _bScholastic, _c2006 |
||
| 300 |
_a32 unnumbered pages : _bcolor illustrations ; _c23 cm |
||
| 500 | _a"Based on The Magic School Bus books written by Joanna Cole and illustrated by Bruce Degen"--T.p. verso. | ||
| 505 | _aJ | ||
| 520 | _aMs. Frizzle and her class climb aboard the Magic Bus and follow a kite that has broken free on a windy day, and during the chase they learn about sailboats, weather balloons, windmills, and other things which use energy from the wind. | ||
| 521 |
_a480
_bLexile |
||
| 521 |
_aJ
_bRaz-Plus |
||
| 650 | 0 |
_aWinds _vJuvenile literature |
|
| 700 | 1 |
_aBracken, Carolyn, _eillustrator |
|
| 906 |
_a7 _bcbc _corigres _d2 _encip _f20 _gy-gencatlg |
||
| 942 |
_2ddc _cBK _n0 |
||
| 999 |
_c1330 _d1330 |
||